00411nam a22001457a 4500003000800000005001700008008004100025040002100066082001600087110001900103245008400122260002600206300001800232650001500250BD-DhUL20170418172119.0170418s1972 bg a|||| |||| 000 0 eng d aBD-DhULcBD-DhUL a954.92bUNB aUnited Nations aBangladesh :ba survey of damages and repairs (as of 31 August 1972), Vol. II / aDhaka :bUNROD;c1972 av.. ;b33 cm. aBangladesh